000 02762nam a22002777a 4500
003 DO-CoUTE
005 20230922115616.0
008 230922b dr ||||| |||| 00| 0 spa d
040 _aDO-CoUTE
_bspa
_cDO-CoUTE
041 _aspa
092 _aCON 2023 D87
100 1 _aDurán Ramos, Katherine Massiel
_esustentante
245 1 0 _aPlan estratégico tributario para optimizar el nivel de Cumplimiento en las Empresas Inmobiliarias, Municipio de Cotuí /
_cKatherine Massiel Durán Ramos, Magaly Sánchez Suarez, Elena Sxilien Figuereo
260 _aCotuí, República Dominicana :
_bUteco,
_c2023
300 _ax, 58 hojas :
_bTablas ;
_c23x29cm
_e+ 1 CD-ROM
502 _aTrabajo de grado ( Licenciatura en Contabilidad )--Universidad Tecnológica del Cibao Oriental, 2023
504 _aIncluye referencia bibliográfica e índice
520 _aEl presente proyecto tiene como objetivo determinar los efectos generados por la planificación tributaria aplicada a las empresas inmobiliarias del municipio de Cotuí. Lo que se espera es que después de analizar la situación actual de las empresas inmobiliarias en cuanto ámbito tributario, se identifiquen sus debilidades y fortalezas para brindar una alternativa de cambio que sea implementada con la finalidad de optimizar el pago de tributos promoviendo el cumplimiento de los mismo en la que dicha carga no afecte las operaciones de la empresa. Con dicho trabajo se pretende minimizar el impacto impositivo en dichas entidades, en la medida en que los límites legales lo permitan, logrando una optimización de recursos, haciendo uso de los beneficios, exenciones y diferimientos que otorga la ley, para lograr una empresa más competitiva en el mercado, sin tantas cargas fiscales. Para poder llevar a cabo dicho trabajo se utilizan distintas herramientas para realizar el análisis del contexto de la empresa, tanto interno como externo, además de analizar las distintas alternativas vigentes de la legislación tributaria, teniendo presente los tributos que alcanzan a la empresa. Mediante el análisis llevado a cabo se determinó la importancia de contar con un adecuado plan tributario para la empresa, para aprovechar los distintos beneficios que otorgan las normas legales vigente para lograr una mayor eficiencia en el manejo de cada tributo.
650 4 _2Carrera técnico superior - Plan Tributario
700 1 _aDurán Ramos, Katherine Massiel
_esustentante
700 1 _a Sánchez Suárez, Magaly
_esustentante
700 1 _aSxilien Figuereo, Elena
_esustentante
830 _aTesis y disertaciones académicas (Universidad Tecnológica del Cibao Oriental)
856 _yHaga Click Aquí para Descargar en Texto Completo
942 _2ddc
_cTH
999 _c23072
_d23072